| 000 | 01517nam a2200373Ia 4500 | ||
|---|---|---|---|
| 001 | ebr10275459 | ||
| 003 | CaPaEBR | ||
| 006 | m u | ||
| 007 | cr cn||||||||| | ||
| 008 | 070904s2007 bccab sb 001 0 eng d | ||
| 020 | _z9780774813938 | ||
| 020 | _z0774813938 | ||
| 040 |
_aCaPaEBR _cCaPaEBR |
||
| 035 | _a(OCoLC)311308139 | ||
| 050 | 1 | 4 |
_aS600.7.C54 _bF37 2007eb |
| 245 | 0 | 0 |
_aFarming in a changing climate _h[electronic resource] : _bagricultural adaptation in Canada / _cedited by Ellen Wall, Barry Smit, and Johanna Wandel. |
| 260 |
_aVancouver : _bUBC Press, _cc2007. |
||
| 300 |
_axiii, 273 p. : _bill., maps. |
||
| 490 | 1 | _aSustainability and the environment | |
| 504 | _aIncludes bibliographical references (p. [241]-261) and index. | ||
| 533 |
_aElectronic reproduction. _bPalo Alto, Calif. : _cebrary, _d2011. _nAvailable via World Wide Web. _nAccess may be limited to ebrary affiliated libraries. |
||
| 650 | 0 |
_aCrops and climate _zCanada. |
|
| 650 | 0 |
_aCrops and climate _xMethodology. |
|
| 650 | 0 |
_aAgricultural ecology _zCanada. |
|
| 650 | 0 |
_aAgriculture and state _zCanada. |
|
| 650 | 0 |
_aAgriculture _xManagement _zCanada. |
|
| 655 | 7 |
_aElectronic books. _2local |
|
| 700 | 1 | _aSmit, Barry. | |
| 700 | 1 | _aWall, Shirley Ellen. | |
| 700 | 1 |
_aWandel, Johanna, _d1971- |
|
| 710 | 2 | _aebrary, Inc. | |
| 830 | 0 | _aSustainability and the environment. | |
| 856 | 4 | 0 |
_uhttp://site.ebrary.com/lib/rucke/Doc?id=10275459 _zAn electronic book accessible through the World Wide Web; click to view |
| 999 |
_c5950 _d5950 |
||